000 00604nam a2200205Ia 4500
005 20250326141049.0
008 250326s9999 xx 000 0 und d
020 _a0-273-64432-7
037 _aTextbook
040 _aFMSL
_beng
_cFMSL
041 _aeng
_2eng
084 _aX:89A0gL:14g P0
_qFMSL
100 _aStranks J W
_9743623
245 0 _aHandbook of health and safety practice
_cStranks J W
250 _aEd 5
260 _aUnited Kingdom
_bUnited Kingdom, Pearson Education Limited
_c2000
300 _a892p
942 _cTB
_hX:89A0gL:14g P0
999 _c1288539
_d1288539